<?xml version="1.0" encoding="UTF-8"?>
<record
    xmlns:xsi="http://www.w3.org/2001/XMLSchema-instance"
    xsi:schemaLocation="http://www.loc.gov/MARC21/slim http://www.loc.gov/standards/marcxml/schema/MARC21slim.xsd"
    xmlns="http://www.loc.gov/MARC21/slim">

  <leader>00213nam a2200085   4500</leader>
  <controlfield tag="001">1254876</controlfield>
  <controlfield tag="005">20251127130409.0</controlfield>
  <datafield tag="245" ind1=" " ind2=" ">
    <subfield code="a">KRAL &#x15E;AK&#x130;R</subfield>
    <subfield code="c">HALUK CAN D&#x130;ZDARO&#x11E;LU- &#xD6;ZG&#xDC;R &#xD6;CALAN</subfield>
  </datafield>
  <datafield tag="260" ind1=" " ind2=" ">
    <subfield code="b">&#x130;K&#x130; A YAYINCILIK</subfield>
  </datafield>
  <datafield tag="999" ind1=" " ind2=" ">
    <subfield code="c">1254876</subfield>
    <subfield code="d">1254876</subfield>
  </datafield>
</record>
